| 000 | 00500cam a2200193ua 4500 | ||
|---|---|---|---|
| 001 | 6135 | ||
| 008 | 131118n ii |||gr||||Z||||||eng | ||
| 020 | _a978-81-272-4730-0 | ||
| 040 | _cMAIN | ||
| 082 | _a657 | ||
| 245 |
_aFinancial Accounting _cBy Mahesh Kumar Jain |
||
| 260 |
_aLudhiana: _bKalyani Publishers, _c2008. |
||
| 300 | _ax,32p. | ||
| 653 | _aCommerce | ||
| 653 | _aFinancial Accounting | ||
| 700 |
_aJain,Mahesh Kumar, _eAuthor., |
||
| 700 | 1 |
_aJadav,Sohan Lal, _eAuthor. |
|
| 942 | _cBK | ||
| 999 |
_c5287 _d5287 |
||